000 00322nam a22001457a 4500
008 210527b ||||| |||| 00| 0 eng d
020 _a0835945502
041 _aeng
080 _22nd
_a574
082 _a574
100 _a9
101 _aMJE
245 _aModern Agricultural Management
_cOsburn,D.D
942 _2udc
_cBK
999 _c57743
_d57743